Top 10 Songs by The Smashing Pumpkins - Statistics

General Stats
  • This quiz has been taken 4 times
  • The average score is 7 of 10
Answer Stats
Hint Answer % Correct
1 1979
100%
2 Bullet With Butterfly Wings
100%
4 Cherub Rock
100%
7 Disarm
100%
3 Today
75%
10 Ava Adore
50%
8 Soma
50%
6 Tonight, Tonight
50%
5 Zero
25%
9 Stand Inside Your Love
0%
No matching quizzes found
Score Distribution
Percent of People with Each Score
Percentile by Number Answered
Your Score History
You have not taken this quiz